Haupstädte-Länder die an Deutschland grenzen - Statistiken

Allgemein
  • Dieses Quiz wurde 278 mal gespielt
  • Das Durchschnittsergebnis liegt bei 9 aus 9
Antwortstatistiken
Hauptstadt % Korrekt
Paris
99%
Wien
99%
Amsterdam
98%
Bern
98%
Warschau
97%
Brüssel
96%
Kopenhagen
96%
Luxemburg
96%
Prag
96%
Keine übereinstimmenden Quizze gefunden
Verteilung der Resultate
Anzahl Personen mit jedem Resultat
Perzentil nach korrekt beantworteten Fragen
Ihre Resultats-Entwicklung
Sie haben dieses Quiz noch nicht gespielt